Statistics for Goalkeepers with most clean sheets in English Premier League

Click here to take the quiz!

General Stats

  • This quiz has been taken 311 times
  • The average score is 7 of 10

Answer Stats

NumberWhich clubsAnswer% Correct
202Chlesea, ArsenalPetr Cech
97%
132Fulham, Man UtdEdwin van der Sar
81%
128Man Utd, Aston Villa, Man CityPeter Schmeichel
81%
140Arsenal. Man CityDavid Seaman
78%
134LiverpoolPepe Reina
76%
189Liverpool, Aston Villa, West Ham United, Manchester City, Portsmouth David James
75%
132Man Utd, EvertonTim Howard
71%
151Middlesbrough, Fulham, Chelsea, Leicester City Mark Schwarzer
51%
132Liverpool, Blackburn Rovers, Aston Villa, SpursBrad Friedel
46%
137Crystal Palace, Leeds United, Everton Nigel Martin
22%

Score Distribution

Percentile by Number Answered

Percent of People with Each Score

Your Score History

You have not taken this quiz